Guide to building regulations (Record no. 112343)

MARC details
000 -LEADER
fixed length control field 01717cam a22002655a 4500
001 - CONTROL NUMBER
control field L153040
008 - FIXED-LENGTH DATA ELEMENTS--GENERAL INFORMATION
fixed length control field 110525s2010 xxk f 001 0 eng d
020 ## - INTERNATIONAL STANDARD BOOK NUMBER
International Standard Book Number 9781859463543
035 ## - SYSTEM CONTROL NUMBER
System control number (Sirsi) u153040
041 0# - LANGUAGE CODE
Language code of text/sound track or separate title eng
050 04 - LIBRARY OF CONGRESS CALL NUMBER
Classification number 692.8 $2 18
100 1# - MAIN ENTRY--PERSONAL NAME
Personal name Evans, Huw
245 00 - TITLE STATEMENT
Title Guide to building regulations
250 ## - EDITION STATEMENT
Edition statement 2011 ed.
260 ## - PUBLICATION, DISTRIBUTION, ETC.
Place of publication, distribution, etc. London
-- IBA
Date of publication, distribution, etc. 2010.
300 ## - PHYSICAL DESCRIPTION
Extent vii. illus.424pg. $2 8cm.
505 2# - FORMATTED CONTENTS NOTE
Formatted contents note Introduction to the building regulations -- Structure -- Fire safety -- Site preparation and resistance to contaminants and moisture -- Toxic substances -- Resistance to the passage of sound -- Ventilation -- Sanitation, hot water safety and water efficiency -- Drainage and waste disposal -- Combustion appliances and fuel storage systems -- Protections from failing, collsion and impact -- Conservation of fuel and power -- Access to and use of buildings -- Glazing- safety in relation to impact, opening and cleaning -- Electrical safety.
520 ## - SUMMARY, ETC.
Summary, etc. A guide that summarises the essential information from the Approved Documents and pendant documents to save time.Fully up-to-date with the major amendments to the 2010 regulations (Parts F, G, J and L), advice is also given where guidance and standards referenced in the Approved Documents have been revised but the Approved Document itself has not yet been updated. Structured by ?Part? of the Building Regulations and organised around key compliance issues, the guidance has been weighted to prioritise problematic issues, such as Part L.
521 ## - TARGET AUDIENCE NOTE
Target audience note Advanced
650 24 - SUBJECT ADDED ENTRY--TOPICAL TERM
Topical term or geographic name entry element BUILDING REGULATIONS 2000
651 #4 - SUBJECT ADDED ENTRY--GEOGRAPHIC NAME
Geographic name England and Wales
Chronological subdivision 1543-
690 ## - LOCAL SUBJECT ADDED ENTRY--TOPICAL TERM (OCLC, RLIN)
Topical term or geographic name as entry element Building regulations
9 (RLIN) 6224
942 ## - ADDED ENTRY ELEMENTS (KOHA)
Suppress in OPAC 0
Holdings
Withdrawn status Lost status Source of classification or shelving scheme Damaged status Not for loan Home library Current library Shelving location Date acquired Total Checkouts Full call number Barcode Date last seen Date last checked out Copy number Price effective from Koha item type
    Dewey Decimal Classification     London London Basement 25/05/2011 1 BASEMENT 61 30075665 06/08/2019 25/05/2011 1 06/08/2019 Book